| 000 | 00966nam a22002655a 4500 | ||
|---|---|---|---|
| 003 | OSt | ||
| 005 | 20170314140627.0 | ||
| 008 | 170313s2009 ua frb 000 0 ara d | ||
| 015 | _a2009 / 10677 | ||
| 020 | _a9789770461006 | ||
| 040 |
_aEG-ScBUE _bara _cEG-ScBUE |
||
| 043 | _af-ua--- | ||
| 082 | 0 | 4 |
_a344.62041 _bع ب د _222 |
| 100 | 1 | _aعبد اللاه، رجب كريم. | |
| 245 | 1 | 2 |
_aالمسئولية المدنية لجراح التجميل : _bدراسة مقارنة / _cرجب كريم عبد اللاه. |
| 250 | _aط. 1. | ||
| 260 |
_aالقاهرة : _bدار النهضة العربية، _c2009. |
||
| 300 |
_a238 ص. ؛ _c24 سم. |
||
| 504 | _aيشتمل على إرجاعات ببليوجرافية. | ||
| 650 | 7 |
_aالمسئولية المدنية للأطباء _2BUEsh _zمصر. |
|
| 650 | 7 |
_aجراحة الرأب _2BUEsh _x قوانين وتشريعات _zمصر. |
|
| 651 | _2BUEsh | ||
| 653 |
_bLLAAWW _cMarch2017 |
||
| 942 | _2ddc | ||
| 999 |
_c24422 _d24394 |
||